00674nam a2200241 a 4500001001300000003000900013005001700022008004100039020001000080082001600090100001900106245003700125260004800162300000900210500003500219505001000254650002300264700001900287902000800306942000700314952009600321999001500417nice12345678IN_TiNIC20260116011832.0050524s1905 laha grp 000 0 urd  ac10000a232.96bSTA aStalker, James aYesu Masih Ki Giraftari Aur Maut aLahorebPunjab Religious Booksociety c1905 a308p aincludes index and biblioraphy2 aIndex aJesus Christ-Death1 aStalker, James bRBA cBK 00104070aHMIbHMId2007-06-19g100.00l0o232.96 STAp8892r2007-06-19w2026-01-16yARB c4322d4322